| 000 | 00713cam a22002653a 4500 | ||
|---|---|---|---|
| 001 | 24055 | ||
| 003 | PGUSA | ||
| 005 | 20140828083520.0 | ||
| 008 | 071227s2007||||xxu|||||s|||||000 | eng d | ||
| 040 |
_aPGUSA _beng |
||
| 042 | _adc | ||
| 050 | 4 | _aB | |
| 050 | 4 | _aPL | |
| 100 | 1 |
_aConfucius, _d-551--479 |
|
| 245 | 1 | 4 |
_aThe Sayings Of Confucius _h[electronic resource] / _cConfucius |
| 260 |
_bProject Gutenberg, _c2007 |
||
| 506 | _aPublic domain in the USA. | ||
| 516 | _aElectronic text | ||
| 653 | _aConfucianism | ||
| 653 | _aPhilosophy, Chinese | ||
| 700 | 1 |
_aLyall, Leonard Arthur, _d1867- |
|
| 830 | 0 |
_aProject Gutenberg _v24055 |
|
| 856 | 4 | 0 | _uhttp://www.gutenberg.org/ebooks/24055 |
| 942 | _cEB | ||
| 999 |
_c253310 _d253310 |
||